000 00757nam a2200205 a 4500
001 000043879
005 20201002045025.0
008 140508s1986 sp ab 000 0 spa d
020 _a8400063201
040 _aDO-SdBNP
_bspa
_cBNPHU
082 _axxxx
_bxxxx
100 1 _aMorales Valverde, Ramón,
_d1950-
_971762
245 1 0 _aTaxonomía de los géneros Thymus (excluida la sección Serpyllum) y Thymbra en la Península Ibérica /
_cRamón Morales Valverde.
260 _aMadrid,
_aReal Jardín Botánico, C. S. L. C.,
_c1986.
300 _a324 p. :
_bil., mapas ;
_c25 cm.
490 1 _aRuizia
_v3
500 _aIncluye referencias bibliográficas y notas al pie de las páginas
504 _aBibliografía: p. [313]-318
830 0 _aRuizia ;
_n3
_971763
999 _c43368
_d43368